Statistics for Groups of Things - Sports 2

Click here to take the quiz!

General Stats

  • This quiz has been taken 3,794 times
    (3,786 since last reset)
  • The average score is 33 of 67

Answer Stats

Oldest Stadiums% Correct
Goal Keeper
84%
New York
82%
California
81%
Forward
76%
Texas
76%
Florida
75%
MLBFenway Park
74%
100m
72%
Base Hit
72%
200m
70%
Bases on Balls
70%
400m
68%
NBALos Angeles Lakers
68%
Wing
68%
Los Angeles Dodgers
67%
Long Jump
66%
MLBNew York Yankees
66%
800m
65%
NFLMetLife Stadium
65%
San Francisco Giants
65%
Los Angeles Angels
64%
High Jump
63%
Arizona
61%
NBABoston Celtics
61%
Illinois
61%
NBAChicago Bulls
59%
Masters
59%
Midfielder
59%
Oakland Athletics
58%
MLBOakland Athletics
58%
Ohio
58%
Pennsylvania
58%
San Diego Padres
58%
US Open
58%
Michigan
57%
Back
55%
Colorado
55%
Lionel Messi
55%
Cristiano Ronaldo
54%
Hit by Pitch
54%
Massachusetts
53%
Minnesota
53%
Triple Jump
49%
Open Championship
48%
Pole Vault
46%
1500m
44%
NFLGreen Bay Packers
43%
Defensive Midfielder
40%
NHLMontreal Canadiens
36%
Error
33%
NBAMadison Square Garden
33%
NFLSoldier Field
30%
PGA Championship
29%
NHLToronto Maple Leafs
29%
Washington DC
28%
Strike Out on Wild Pitch
26%
NHLNew York Islanders
22%
NHLConsole Energy Center
20%
Fielders Choice
18%
Sweeper
17%
Raúl González Blanco
15%
MLBMarlins Park
10%
NBABarclays Center
8%
Catchers Interference
8%
Thierry Henry
7%
NHLNassau Veterans Memorial Coliseum
2%
Ruud Van Nistelrooy
1%

Score Distribution

Percentile by Number Answered

Percent of People with Each Score

Your Score History

You have not taken this quiz since the last reset